| 000 | 00587nam a22002057a 4500 | ||
|---|---|---|---|
| 005 | 20260108110356.0 | ||
| 008 | 260108b |||||||| |||| 00| 0 eng d | ||
| 020 |
_a9780333666319 _qHBK |
||
| 082 |
_a301.072 _bDEV |
||
| 100 | _aDevine, Fiona | ||
| 245 |
_aSociological research methods in contex _cFiona Devine and Sue Heath |
||
| 260 |
_aEngland _bMacmillan _c1999 |
||
| 300 |
_a228 p. _c22 cm. |
||
| 504 | _aBib and Ref | ||
| 650 | _aSocial research & statistics | ||
| 650 | _aSociology Methodology | ||
| 650 | _aSociology Research | ||
| 700 | _aHeath. Sue | ||
| 942 | _cENGLISH | ||
| 999 |
_c607569 _d607569 |
||